Marcatori dell'Argentina ai Mondiali - Qatar 2022 - Statistics

Statistiche generali
  • Questo quiz è stato fatto 26 volte
  • Il punteggio medio è 12 su 15
Statistiche sulle risposte
Partita Minuto Marcatore % Corretto
Argentina - Arabia Saudita 1-2 10' Lionel Messi
100%
Argentina - Messico 2-0 64' Lionel Messi
100%
Argentina - Australia 2-1 35' Lionel Messi
100%
Paesi Bassi - Argentina 5-6 (d.c.r.) 73' Lionel Messi
100%
Argentina - Croazia 3-0 34' Lionel Messi
100%
Argentina - Francia 7-5 (d.c.r.) 36' Lionel Messi
100%
Argentina - Francia 7-5 (d.c.r.) 108' Lionel Messi
100%
Argentina - Francia 7-5 (d.c.r.) 23' Ángel Di María
81%
Polonia - Argentina 0-2 67' Julián Álvarez
71%
Argentina - Australia 2-1 57' Julián Álvarez
71%
Argentina - Croazia 3-0 39' Julián Álvarez
71%
Argentina - Croazia 3-0 69' Julián Álvarez
71%
Argentina - Messico 2-0 87' Enzo Fernández
67%
Paesi Bassi - Argentina 5-6 (d.c.r.) 35' Nahuel Molina
48%
Polonia - Argentina 0-2 46' Alexis Mac Allister
43%
Nessun quiz corrispondente trovato
Distribuzione punteggi
Percentuale di utenti per punteggio
Percentile per numero di risposta
I tuoi punteggi nel tempo
Non hai fatto questo quiz